| 000 | 00961cam a22003015a 4500 | ||
|---|---|---|---|
| 001 | 016649213 | ||
| 003 | OSt | ||
| 005 | 20160531120414.0 | ||
| 008 | 140213s2015 enka frbd 001 0 eng d | ||
| 020 | _a9780415520706 (pbk.) | ||
| 040 |
_aStDuBDS _beng _cStDuBDS _dEG-ScBUE |
||
| 082 | 0 | 4 |
_222 _a307.76 _bPAR |
| 100 | 1 |
_aParker, Simon, _d1964- _940096 |
|
| 245 | 1 | 0 |
_aUrban theory and the urban experience : _bencountering the city / _cSimon Parker. |
| 250 | _a2nd ed. | ||
| 260 |
_aOxon ; _aNew York : _bRoutledge / Taylor & Francis Group, _c2015. |
||
| 300 |
_axxiv, 289 p. : _bill. ; _c25 cm. |
||
| 500 | _aPrevious edition: 2004. | ||
| 500 | _aGlossary : p. 244-245. | ||
| 500 | _aIndex : p. 281-289. | ||
| 504 | _aBibliography : p. 246-280. | ||
| 650 | 7 |
_aCities and towns. _2BUEsh _910163 |
|
| 650 | 7 |
_aCity and town life. _2BUEsh _940097 |
|
| 650 | 7 |
_aSociology, Urban. _2BUEsh _913207 |
|
| 651 | _2BUEsh | ||
| 653 |
_bENGARC _cMay2016 |
||
| 942 | _2ddc | ||
| 999 |
_c21829 _d21801 |
||